| 000 | 00708nam a2200277Ia 4500 | ||
|---|---|---|---|
| 001 | Z_5776 | ||
| 003 | CHAP | ||
| 005 | 20220920184640.0 | ||
| 008 | 220113s1991 xx 000 0 und d | ||
| 010 | _a168972 | ||
| 020 | _a968-463-062-X | ||
| 040 | _cCHAP | ||
| 082 | _a639.3084 T6 | ||
| 100 |
_aTorres-Orozco Bermeo, Roberto E. _9143314 |
||
| 245 |
_aLos peces de México / _cRoberto E. Torres-Orozco Bermeo |
||
| 260 |
_aMéxico, D.F. : _b AGT, _c1991 |
||
| 300 |
_a235 p. : _bilus. |
||
| 503 | _ac/e | ||
| 650 |
_aIctiología _xMéxico _957279 |
||
| 650 |
_aPiscicultura _988531 |
||
| 901 | _a639.3084 T6 | ||
| 902 | _aA | ||
| 910 | _a1991 | ||
| 942 |
_cLIBRO _2ddc |
||
| 942 |
_cLIBRO _2ddc |
||
| 999 |
_c168972 _d168972 |
||